[Event "Barcelona FIDE Group"]
[Site "Barcelona"]
[Date "2021.07.09"]
[Round "4"]
[White "Casado Hamed, Sergi"]
[Black "Bernado Lopez, Roger"]
[Result "0-1"]
[WhiteElo "1390"]
[BlackElo "2062"]
[PlyCount "72"]
[EventDate "2021.07.06"]
[EventType "tourn"]
[EventRounds "7"]
[EventCountry "ESP"]
[SourceTitle "EXT 2022"]
[Source "ChessBase"]
[SourceDate "2021.10.06"]
[SourceVersion "1"]
[SourceVersionDate "2021.10.06"]
[SourceQuality "1"]

1. d4 Nf6 2. c4 g6 3. Nc3 d5 4. cxd5 Nxd5 5. e4 Nxc3 6. bxc3 Bg7 7. Bc4 c5 8. Be3 Qa5 9. Ne2 cxd4 10. Bxd4 0-0 11. 0-0 Nc6 12. Bxg7 Kxg7 13. Qb3 Qc7 14. Qc2 b6 15. Nd4 Bb7 16. Nxc6 Bxc6 17. Rfd1 Rfd8 18. Bd5 Rac8 19. Bxc6 Rxd1+ 20. Rxd1 Qxc6 21. Rc1 Qc4 22. a3 Rc5 23. f3 Ra5 24. Ra1 Qc5+ 25. Kf1 Rxa3 26. Rxa3 Qxa3 27. Ke2 Qc5 28. Qd3 b5 29. Qe3 Qxe3+ 30. Kxe3 a5 31. Kd3 a4 32. Kc2 Kf6 33. Kb2 Ke5 34. g3 Kd6 35. h4 h5 36. f4 f5 0-1

[Event "Barcelona Amateurs-A 03"]
[Site "Barcelona"]
[Date "2021.03.19"]
[Round "5"]
[White "Ribot Forns, Marc"]
[Black "Casado Hamed, Sergi"]
[Result "1-0"]
[WhiteElo "1700"]
[BlackElo "1380"]
[PlyCount "111"]
[EventDate "2021.03.15"]
[EventType "tourn"]
[EventRounds "9"]
[EventCountry "ESP"]
[SourceTitle "CBM 201 Extra"]
[Source "ChessBase"]
[SourceDate "2021.05.31"]
[SourceVersion "1"]
[SourceVersionDate "2021.05.31"]
[SourceQuality "1"]

1. e4 c6 2. d4 d5 3. exd5 cxd5 4. Nc3 Nc6 5. Nf3 Bg4 6. Bb5 Rc8 7. Qd3 Bxf3 8. Qxf3 e6 9. 0-0 Bd6 10. Re1 Nge7 11. Ne2 0-0 12. c3 Ng6 13. Bd2 Qb6 14. Bxc6 bxc6 15. b3 c5 16. Be3 cxd4 17. Bxd4 Bc5 18. Bxc5 Rxc5 19. Rec1 Rfc8 20. Rc2 Ne5 21. Qg3 Nc6 22. Rd2 a5 23. h4 Qc7 24. Rd3 Qxg3 25. Rxg3 Na7 26. Rc1 Nb5 27. Rd3 g6 28. g4 h6 29. Kg2 Kg7 30. f4 f6 31. a4 Nd6 32. Nd4 Kf7 33. Kf3 Ne4 34. Nb5 Ke7 35. Ke3 e5 36. Kf3 Nd6 37. fxe5 fxe5 38. Nxd6 Kxd6 39. Kg3 e4 40. Re3 Rb8 41. c4 Ke5 42. Rce1 Re8 43. cxd5 Kxd5 44. Rd1+ Kc6 45. Rd4 g5 46. h5 Kb6 47. Rdxe4 Rxe4 48. Rxe4 Rc3+ 49. Kf2 Rxb3 50. Re6+ Kc5 51. Rxh6 Rb4 52. Ra6 Rxa4 53. h6 Rxg4 54. Rxa5+ Kb6 55. Ra8 Kc7 56. h7 1-0

[Event "Barcelona Amateurs 02"]
[Site "Barcelona"]
[Date "2021.02.08"]
[Round "2"]
[White "Gallego Montes, Antonio"]
[Black "Casado Hamed, Sergi"]
[Result "1-0"]
[WhiteElo "1788"]
[BlackElo "1341"]
[PlyCount "95"]
[EventDate "2021.02.07"]
[EventType "tourn"]
[EventRounds "9"]
[EventCountry "ESP"]
[SourceTitle "EXT 2022"]
[Source "ChessBase"]
[SourceDate "2021.10.06"]
[SourceVersion "1"]
[SourceVersionDate "2021.10.06"]
[SourceQuality "1"]

1. e4 c6 2. d4 d5 3. exd5 cxd5 4. Bd3 Nc6 5. c3 h6 6. Nf3 Bg4 7. h3 Bxf3 8. Qxf3 Nf6 9. Bf4 e6 10. 0-0 Bd6 11. Re1 0-0 12. Nd2 Rb8 13. Bc2 b5 14. g4 Bxf4 15. Qxf4 Ne8 16. Nf3 Qf6 17. Qg3 g5 18. Ne5 Nxe5 19. Rxe5 Qf4 20. Qd3 Nf6 21. Rae1 Ne4 22. R1xe4 dxe4 23. Rxe4 Qc7 24. Re5 f6 25. Rxe6 Rb7 26. Qe4 a5 27. d5 Qf4 28. Qxf4 gxf4 29. Kg2 Kf7 30. Kf3 Re8 31. Bg6+ Kxg6 32. Rxe8 Rd7 33. Ke4 Kg5 34. Re6 a4 35. a3 f3 36. d6 Kg6 37. Kd5 Kf7 38. Re3 Ra7 39. Rxf3 Ra8 40. Re3 Ra7 41. f4 f5 42. gxf5 Kf6 43. Re6+ Kxf5 44. Re7 Ra8 45. d7 Rd8 46. Kd6 Ra8 47. Re8 Ra6+ 48. Kc5 1-0

[Event "Barcelona Christmas Amateur 1st"]
[Site "Barcelona"]
[Date "2020.01.03"]
[Round "7.2"]
[White "Casado Hamed, Sergi"]
[Black "Ani, Virgil"]
[Result "0-1"]
[WhiteElo "1403"]
[BlackElo "1515"]
[PlyCount "121"]
[EventDate "2019.12.27"]
[EventType "tourn"]
[EventRounds "9"]
[EventCountry "ESP"]
[SourceTitle "EXT 2024"]
[Source "ChessBase"]
[SourceDate "2023.10.10"]
[SourceVersion "1"]
[SourceVersionDate "2023.10.10"]
[SourceQuality "1"]

1. e4 c5 2. Nc3 Nc6 3. Bb5 Nd4 4. Nf3 Nxb5 5. Nxb5 a6 6. Nc3 d6 7. 0-0 g6 8. d4 c4 9. a4 Bg7 10. Qe2 Bg4 11. Be3 Bxf3 12. Qxf3 e6 13. d5 e5 14. Qe2 Rc8 15. a5 Nf6 16. f3 Nd7 17. Nb1 0-0 18. Na3 c3 19. b4 Qc7 20. Qf2 f5 21. Bb6 Nxb6 22. axb6 Qe7 23. Qe3 f4 24. Qd3 g5 25. Kf2 g4 26. Rh1 gxf3 27. gxf3 Qh4+ 28. Ke2 Qd8 29. Nc4 Qd7 30. Qxc3 Qb5 31. Kd3 Bf6 32. Ra5 Qd7 33. Qe1 Rf7 34. Rg1+ Kh8 35. Nb2 Bd8 36. Qf2 Qh3 37. c4 Bxb6 38. Qxb6 Qxh2 39. Rb1 Qg2 40. Qxd6 Qxf3+ 41. Kd2 Qe3+ 42. Kd1 Qxe4 43. Raa1 Rg8 44. Qc5 Rg2 45. Qc8+ Kg7 46. Qg4+ Rxg4 47. Rc1 Rg1+ 48. Kd2 Qe3+ 49. Kc2 Rxc1+ 50. Rxc1 e4 51. d6 Kf6 52. Rh1 Qe2+ 53. Kc1 h5 54. Rd1 Rd7 55. c5 f3 56. Na4 Qc4+ 57. Kb1 Qxb4+ 58. Nb2 Qxc5 59. Re1 Qd4 60. Nd1 Rxd6 61. Ne3 0-1

[Event "Barcelona Christmas Amateur 1st"]
[Site "Barcelona"]
[Date "2019.12.29"]
[Round "3.4"]
[White "Casado Hamed, Sergi"]
[Black "Anjali, R Sagar"]
[Result "0-1"]
[WhiteElo "1403"]
[BlackElo "1694"]
[PlyCount "79"]
[EventDate "2019.12.27"]
[EventType "tourn"]
[EventRounds "9"]
[EventCountry "ESP"]
[SourceTitle "EXT 2024"]
[Source "ChessBase"]
[SourceDate "2023.10.10"]
[SourceVersion "1"]
[SourceVersionDate "2023.10.10"]
[SourceQuality "1"]

1. e4 e5 2. Nf3 Nc6 3. Bc4 Bc5 4. c3 Nf6 5. d3 a6 6. b4 Ba7 7. 0-0 0-0 8. a4 d6 9. b5 axb5 10. Bxb5 Ne7 11. Bg5 Ng6 12. Re1 Be6 13. Nbd2 h6 14. Be3 Bxe3 15. Rxe3 Nf4 16. Nf1 Ng4 17. Re1 c6 18. Bc4 Qb6 19. Ne3 Nxe3 20. Rxe3 Bxc4 21. dxc4 Qc5 22. g3 Ng6 23. Qb3 Ra7 24. Re2 b5 25. cxb5 cxb5 26. a5 Rc8 27. Rc2 Ne7 28. Qb4 Qxb4 29. cxb4 Rxc2 30. Rd1 Ra6 31. Rb1 Nc6 32. Kf1 Rc4 33. Nd2 Rxb4 34. Rc1 Nd4 35. f4 Rxa5 36. h4 Ra2 37. Ke1 Rbb2 38. Nf1 Re2+ 39. Kd1 Nf3 40. Rc3 0-1

[Event "Barcelona 2nd"]
[Site "Barcelona"]
[Date "2019.06.01"]
[Round "8.1"]
[White "Gutierrez Palomino, Albert"]
[Black "Casado Hamed, Sergi"]
[Result "1-0"]
[WhiteElo "1955"]
[BlackElo "1700"]
[PlyCount "51"]
[EventDate "2019.04.06"]
[EventType "tourn"]
[EventRounds "9"]
[EventCountry "ESP"]
[SourceTitle "EXT 2024"]
[Source "ChessBase"]
[SourceDate "2023.10.10"]
[SourceVersion "1"]
[SourceVersionDate "2023.10.10"]
[SourceQuality "1"]

1. c4 e6 2. Nc3 d5 3. e3 Nf6 4. Nf3 Nc6 5. d4 b6 6. cxd5 Nxd5 7. Bb5 Bb7 8. Ne5 Ndb4 9. 0-0 Bd6 10. Nc4 a6 11. Nxd6+ Qxd6 12. Be2 Ne7 13. a3 Nbd5 14. Ne4 Qd7 15. Bd3 c5 16. dxc5 bxc5 17. Qc2 Rc8 18. Nxc5 Nxe3 19. Bxe3 Qd5 20. Be4 Rxc5 21. Bxd5 Rxc2 22. Bxb7 Rxb2 23. Bxa6 0-0 24. Bc5 Ra8 25. Bxe7 Rxa6 26. Rab1 1-0